000
00206 a2200097 4500
001
43881
100
_a
Hussain
245
_a
Shahe Shaheedan
260
_a
Karachi
_b
Nafees Academy
_c
090
_c
27624
_d
27624
942
_a
NUST-CAE
_c
M
_c
19585
999
_c
278954
_d
278954